Computer networking and the Internet / (Record no. 5807)

MARC details
000 -LEADER
fixed length control field 00746nac a22002171u 4500
020 ## - INTERNATIONAL STANDARD BOOK NUMBER
International Standard Book Number 0321263588
082 ## - DEWEY DECIMAL CLASSIFICATION NUMBER
Classification number 004.6
Item number HAL
090 ## - LOCALLY ASSIGNED LC-TYPE CALL NUMBER (OCLC); LOCAL CALL NUMBER (OCLC)
-- 5807
-- 5807
100 ## - MAIN ENTRY--PERSONAL NAME
Personal name Halsall, Fred
245 ## - TITLE STATEMENT
Title Computer networking and the Internet /
Statement of responsibility, etc Fred Halsall.
250 ## - EDITION STATEMENT
Edition statement 5th ed.
260 ## - PUBLICATION, DISTRIBUTION, ETC. (IMPRINT)
Place of publication, distribution, etc Harlow :
Name of publisher, distributor, etc Addison-Wesley, 2005.
Date of publication, distribution, etc 2005
300 ## - PHYSICAL DESCRIPTION
Extent xxv, 803 p. :
Other physical details ill. ;
Dimensions 24 cm.
500 ## - GENERAL NOTE
General note distributer: Al-Ahram
500 ## - GENERAL NOTE
General note Previous ed. published as: Data communications, computer networks and open systems? 1996.
504 ## - BIBLIOGRAPHY, ETC. NOTE
Bibliography, etc Includes bibliographical references and index.
511 ## - PARTICIPANT OR PERFORMER NOTE
Participant or performer note catalogued by: wessam
650 ## - SUBJECT ADDED ENTRY--TOPICAL TERM
Topical term or geographic name as entry element Computer networks.
650 ## - SUBJECT ADDED ENTRY--TOPICAL TERM
Topical term or geographic name as entry element Internet.
942 ## - ADDED ENTRY ELEMENTS (KOHA)
Item type Book - Borrowing
Call number prefix 004.6 HAL
Holdings
Withdrawn status Item status Damaged status Not for loan Home library Current library Shelving location Date acquired Source of acquisition Total Checkouts Total Renewals Full call number Barcode Date last seen Date last borrowed Koha item type
        Central Library Central Library Lower Floor 05/11/2007 Purchase 2 2 004.6 HAL 000007164 15/07/2025 27/10/2014 Book - Borrowing